| 000 | 00451nam a2200169Ia 4500 | ||
|---|---|---|---|
| 003 | GCL | ||
| 008 | 140319s9999 xx 000 0 eng d | ||
| 040 |
_aGCL / _cGCL |
||
| 082 | 0 | 4 |
_a368.0122 _bS R |
| 100 | 1 | _aSALAH EL-DIN, ADEL | |
| 245 | 1 | 0 |
_aReinsurance for the Professional / _cSALAH EL-DIN, ADEL |
| 260 |
_a[S.N] : _bOCEAN INVESTMENT & MANAGEMENT LTD. |
||
| 650 | 0 | 4 | _aBUSINESS |
| 650 | 0 | 4 | _aREINSURANCE |
| 650 | 0 | 4 | _aMARKETS |
| 942 |
_2ddc _cBK |
||
| 999 |
_c16890 _d16890 |
||